000 00425nam a2200193Ia 4500
001 13206
003 GE_BSU
008 181216s||||||||xx |||||||||||||| ||und||
020 _a9781409120469
040 _cGE_BSU
080 _a821.111-312.4
100 _aConnelly,Michael.
245 4 _aThe Lincoln Lawyer.
260 _aLondon.
260 _c2005
300 _a459p;20cm.
653 _aThe Lincoln Lawyer.
942 _cBK
999 _c46370
_d46370